Movies Quiz

Random Movies or Cast Quiz

Cast of The Great Escape Quiz Stats

 Plays Quiz not verified by Sporcle

Support Sporcle.
Go Orange.
Score 0/23 Timer 10:00
0 Plays Today
% Correct
Steve McQueen
100%
James Garner
91.3%
Charles Bronson
91.3%
James Coburn
82.6%
Richard Attenborough
80.4%
Donald Pleasance
80.4%
David McCallum
54.3%
Gordon Jackson
45.7%
Nigel Stock
32.6%
John Leyton
26.1%
Angus Lennie
26.1%
Robert Graf
23.9%
% Correct
James Donald
21.7%
Hannes Messemer
21.7%
Hans Reiser
17.4%
Jud Taylor
15.2%
Til Kiwe
15.2%
Lawrence Montaigne
13%
Robert Freitag
13%
Ulrich Beiger
13%
Robert Desmond
10.9%
Harry Riebauer
10.9%
Tom Adams
8.7%

You're not logged in!

Compare scores with friends on all Sporcle quizzes.
OR
Log In

From the Vault

Presidential Medal of Freedom Athletes

by aglick

Seems like an NFL linebacker would be a good choice for Secretary of Defense.
Remove Ads.
Support Sporcle.
Get the best of Sporcle when you Go Orange. This ad-free experience offers more features, more stats, and more fun while also helping to support Sporcle. Thank you for becoming a member.

Show Comments

Extras

Created Feb 19, 2020SourceReportNominate
Tags:Cast Quiz, escape

Top Quizzes Today


Score Distribution

Your Account Isn't Verified!

In order to create a playlist on Sporcle, you need to verify the email address you used during registration. Go to your Sporcle Settings to finish the process.

Report this User

Report this user for behavior that violates our Community Guidelines.

Details: